Ghalib aur Ghamgeen ke Farsi maktubat / (Record no. 614287)
[ view plain ]
| 000 -LEADER | |
|---|---|
| fixed length control field | 00872nam a22002057a 4500 |
| 020 ## - INTERNATIONAL STANDARD BOOK NUMBER | |
| International Standard Book Number | 9789694743066 |
| 082 ## - DEWEY DECIMAL CLASSIFICATION NUMBER | |
| Classification number | 294.5 |
| Author Mark | GHA |
| 100 ## - MAIN ENTRY--PERSONAL NAME | |
| Personal name | Ghalib, Mirza Asadullah Khan |
| 245 ## - TITLE STATEMENT | |
| Title | Ghalib aur Ghamgeen ke Farsi maktubat / |
| Statement of responsibility, etc. | Parto Rohaila |
| 260 ## - PUBLICATION, DISTRIBUTION, ETC. | |
| Place of publication, distribution, etc. | Islamabad: |
| Name of publisher, distributor, etc. | Muqtadira Qaumi Zaban, |
| Date of publication, distribution, etc. | 2012. |
| 300 ## - PHYSICAL DESCRIPTION | |
| Extent | 157 pages. |
| 504 ## - BIBLIOGRAPHY, ETC. NOTE | |
| Bibliography, etc. note | اردو ترجمے کے ساتھ فارسی متن اور توضیحات شامل ہیں |
| 563 ## - BINDING INFORMATION | |
| Binding note | HB |
| 650 ## - SUBJECT ADDED ENTRY--TOPICAL TERM | |
| Topical term or geographic name entry element | Urdu literature |
| 650 ## - SUBJECT ADDED ENTRY--TOPICAL TERM | |
| Topical term or geographic name entry element | Persian letters |
| 880 ## - ALTERNATE GRAPHIC REPRESENTATION | |
| Linkage | 100-01\(3\r |
| Title | غالب اور غمگین کے فارسی مکتوبات |
| b | اردو ترجمے، فارسی متن اور توضیحات کے ساتھ |
| 880 ## - ALTERNATE GRAPHIC REPRESENTATION | |
| Linkage | 100-02\(3\r |
| Title | مترجم و مرتب: پرتو روہیلا |
| 880 ## - ALTERNATE GRAPHIC REPRESENTATION | |
| Linkage | 100-03\(3\r |
| Title | اسلام آباد |
| b | مقتدرہ قومی زبان |
| c | 2012۔ |
| 942 ## - ADDED ENTRY ELEMENTS (KOHA) | |
| Source of classification or shelving scheme | |
| Koha item type | Book |
| 650 ## - SUBJECT ADDED ENTRY--TOPICAL TERM | |
| -- | 129736 |
| Withdrawn status | Lost status | Source of classification or shelving scheme | Damaged status | Not for loan | Permanent Location | Current Location | Shelving location | Date acquired | Source of acquisition | Total Checkouts | Full call number | Barcode | Date last seen | Price effective from | Koha item type |
|---|---|---|---|---|---|---|---|---|---|---|---|---|---|---|---|
| Central Library (CL) | Central Library (CL) | Urdu Literature | 07/12/2025 | DONATION | 294.5 GHA | CL-D-2874 | 07/12/2025 | 07/12/2025 | Book |
